El trabajo del menor en la legislación dominicana / (Record no. 45793)
[ view plain ]
| 000 -CABECERA | |
|---|---|
| campo de control de longitud fija | 00987nam a2200193 a 4500 |
| 001 - NÚMERO DE CONTROL | |
| campo de control | 000046304 |
| 003 - IDENTIFICADOR DEL NÚMERO DE CONTROL | |
| campo de control | DO-SdBNP |
| 005 - FECHA Y HORA DE LA ÚLTIMA TRANSACCIÓN | |
| campo de control | 20211001114957.0 |
| 008 - DATOS DE LONGITUD FIJA--INFORMACIÓN GENERAL | |
| campo de control de longitud fija | 150717s 2000 dr 000 0 spa d |
| 040 ## - FUENTE DE LA CATALOGACIÓN | |
| Centro catalogador/agencia de origen | DO-SdBNP |
| Lengua de catalogación | spa |
| Centro/agencia transcriptor | BNPHU |
| 082 #4 - NÚMERO DE LA CLASIFICACIÓN DECIMAL DEWEY | |
| Número de clasificación | BNPHU |
| Número de documento/Ítem | xxxx |
| 100 1# - ENTRADA PRINCIPAL--NOMBRE DE PERSONA | |
| Nombre de persona | González, Washington |
| 9 (RLIN) | 74320 |
| 245 13 - MENCIÓN DE TÍTULO | |
| Título | El trabajo del menor en la legislación dominicana / |
| Mención de responsabilidad, etc. | Washington González ; presentación Rafael Alburquerque. |
| 260 ## - PUBLICACIÓN, DISTRIBUCIÓN, ETC. | |
| Lugar de publicación, distribución, etc. | Santo Domingo : |
| Nombre del editor, distribuidor, etc. | Milenio, |
| Fecha de publicación, distribución, etc. | 2000. |
| 300 ## - DESCRIPCIÓN FÍSICA | |
| Extensión | 77 p. ; |
| Dimensiones | 21 cm. |
| 505 0# - NOTA DE CONTENIDO CON FORMATO | |
| Título | Introducción -- |
| -- | Concepto -- |
| -- | Ingreso al trabajo -- |
| -- | Edad mínima para el empleo -- |
| -- | Formación profesional y el menor -- |
| -- | El menor y la escolaridad -- |
| -- | Jornada de trabajo del menor -- |
| -- | Resumen de los requisitos y prohibiciones para que una persona menor de edad pueda trabajar en los casos permitidos por la ley -- |
| -- | Base legal del trabajo asalariado dependiente del menor -- |
| -- | Convenios de la OIT. |
| 700 12 - PUNTO DE ACCESO ADICIONAL--NOMBRE DE PERSONA | |
| Nombre de persona | Alburquerque, Rafael, |
| Término indicativo de función/relación | pres. |
| 9 (RLIN) | 7243 |
| 942 ## - ELEMENTOS DE PUNTO DE ACCESO ADICIONAL (KOHA) | |
| Fuente del sistema de clasificación o colocación | Dewey Decimal Classification |
| Tipo de ítem Koha | Libro |
| Estado de retiro | Estado de pérdida | Fuente del sistema de clasificación o colocación | No para préstamo | Código de colección | Localización permanente | Ubicación/localización actual | Ubicación en estantería | Fecha de adquisición | Número de inventario | Total de préstamos | Signatura topográfica completa | Código de barras | Fecha visto por última vez | Precio válido a partir de | Tipo de ítem Koha | Nota pública |
|---|---|---|---|---|---|---|---|---|---|---|---|---|---|---|---|---|
| Dewey Decimal Classification | Excluido de préstamo | Monografías: Libros y Folletos | Biblioteca Nacional Pedro Henríquez Ureña | Patrimonio Dominicano | En catalogación | 17.07.2015 | LF1 | BNPHU PD | 46304-10 | 25.06.2020 | 25.06.2020 | No se presta | Perteneció a la biblioteca personal Chiqui Vicioso / Fidelio Despradel. |
